Państwa w Europie po węgiersku (z mapą) - Statystyki

Ogólne statystyki
  • Ten quiz został rozwiązany 23 razy
  • Średni wynik to 44 z 45
Odpowiedzi na mapie
Odpowiedzi zakodowano w zielono-czerwonej skali na mapie do tego quizu, zgodnie z poniższymi procentami.
 
Statystyki odpowiedzi
Po węgiersku Po polsku % Poprawnych
Albánia Albania
100%
Andorra Andora
100%
Ausztria Austria
100%
Belgium Belgia
100%
Bosznia és Hercegovina Bośnia i Hercegowina
100%
Bulgária Bułgaria
100%
Horvátország Chorwacja
100%
Montenegró Czarnogóra
100%
Dánia Dania
100%
Finnország Finlandia
100%
Franciaország Francja
100%
Hollandia Holandia
100%
Izland Islandia
100%
Koszovó Kosowo
100%
Liechtenstein Liechtenstein
100%
Litvánia Litwa
100%
Luxemburg Luksemburg
100%
Észak-Macedónia Macedonia Północna
100%
Málta Malta
100%
Moldova Mołdawia
100%
Monaco Monako
100%
Norvégia Norwegia
100%
Portugália Portugalia
100%
Románia Rumunia
100%
San Marino San Marino
100%
Szerbia Serbia
100%
Szlovákia Słowacja
100%
Szlovénia Słowenia
100%
Svédország Szwecja
100%
Ukrajna Ukraina
100%
Vatikán Watykan
100%
Magyarország Węgry
100%
Nagy-Britannia Wielka Brytania
100%
Csehország Czechy
95%
Spanyolország Hiszpania
95%
Írország Irlandia
95%
Németország Niemcy
95%
Lengyelország Polska
95%
Svájc Szwajcaria
95%
Észtország Estonia
90%
Görögország Grecja
90%
Lettország Łotwa
90%
Fehéroroszország Białoruś
85%
Oroszország Rosja
85%
Olaszország Włochy
85%
Nie znaleziono quizów pasujących do podanych kryteriów
Rozkład punktacji
Procent ludzi z każdym wynikiem
Percentyl według liczby udzielonych odpowiedzi
Twoja historia wyników
Nie rozwiązałeś tego quizu